| 000 | 00905nam a2200265Ia 4500 | ||
|---|---|---|---|
| 001 | Z_6287 | ||
| 008 | 220601s9999 xx 000 0 und d | ||
| 020 | _a978-968-02-0381-9 | ||
| 082 | _a338.16 I56 | ||
| 245 | _aInnovación tecnológica y desarrollo rural con pequeños agricultores / coordinadores Bernardino Mata García ...[et al] | ||
| 260 | _a: Universidad Autónoma Chapingo | ||
| 300 | _a315 p. | ||
| 503 | _aej.1: s/n | ||
| 504 | _aIncluye bibliogtafía | ||
| 650 | _a1. Agricultura - Innovaciones tecnológicas - México | ||
| 650 | _aDesarrollo de la comunidad rural - México | ||
| 650 | _aRecursos naturales - México | ||
| 650 | _aGanadería sustentable - México | ||
| 700 |
_aMata García, Bernardino, coor.Ì _9183463 |
||
| 901 | _a338.16 I56 | ||
| 902 | _aM | ||
| 905 | _a123227 2007 mx imn 8211113311spa16 | ||
| 942 | _c1 | ||
| 999 |
_c217100 _d217100 |
||